000 00382 a2200169 4500
001 71861
020 _a8526244582
040 _cAnchieta - Colégio São Paulo
100 _aPassos, Luciana Maria Marinho
240 1 0 _aA festa da paca
_lpor
245 1 0 _aA festa da paca
300 _a16
362 0 _a2003
440 1 _aScipione
650 4 _aLiteratura infantil
942 _cBK
999 _c71861
_d71861